000 00557nam a2200169Ia 4500
008 090711s9999 xx 000 0 und d
082 _b31228
100 _aजोशी ना. बा.
245 _aसाहित्य संशोधन मंजिरी
260 _c1974
300 _a232
600 _aजोशी ना. बा.
630 _aसाहित्य संशोधन मंजिरी
700 _aजोशी ना. बा.
730 _aसाहित्य संशोधन मंजिरी
942 _cBOOK
999 _c311919
_d311919